Normal view
MARC view
Entry Personal Name
001 - CONTROL NUMBER
- control field: 36660
003 - CONTROL NUMBER IDENTIFIER
- control field: dpl
005 - DATE AND TIME OF LATEST TRANSACTION
- control field: 20111208162856.0
008 - FIXED-LENGTH DATA ELEMENTS
- fixed length control field: 111208|||a|||||| | ||| d
040 ## - CATALOGING SOURCE
- Original cataloging agency: dpl
- Transcribing agency: dpl
100 ## - HEADING--PERSONAL NAME
- Personal name: Riordan, Rick
670 ## - SOURCE DATA FOUND
- Source citation: Work cat.: (dpl): Riordan, Rick, Percy Jackson and the last olympian /, 2009
670 ## - SOURCE DATA FOUND
- Source citation: Work cat.: (dpl): Riordan, Rick, Percy Jackson and the last olympian /, 2009
